Onko vastaus 0, 1 vai 2? - Statistics

Yleistilastot
  • Tätä visaa on pelattu 60 kertaa
    58 viimeisimmän päivityksen jälkeen
  • Keskiarvotulos 8 / 15
Vastaustilastot
Hint Explanation Vastaus % Oikein
Kuinka moni näistä maista on Välimeren rannalla: Kreikka, Libya, Portugali? Kreikka ja Libya ovat Välimeren rannalla, kun taas Portugali on Atlantin rannalla. 2
79%
Kuinka monta pistettä täytyy saada putkeen voittaakseen tennispelin, jos tilanne on tasan (deuce)? Deuce-tilanteessa molemmilla on 3 pistettä. Seuraava piste on etu (advantage) ja seuraavalla voittaa pelin. 2
79%
Kuinka monta Unescon maailmanperintökohdetta on Helsingissä? Suomenlinna pääsi listalle vuonna 1991. 1
77%
Kuinka monet Olympialaiset on järjestetty Afrikassa? Etelä-Afrikka teki hakemuksen vuoden 2024 kisoista, mutta sitä ei hyväksytty. 0
69%
Mikä on tyhjän laatan arvo Scrabble®-pelissä? Laattoja on pelissä 2 ja ne voivat olla mitä tahansa kirjaimia. 0
60%
Kuinka monta kaulanikamaa kirahvilla on enemmän kuin ihmisellä? Kummallakin lajilla kaulanikamia on 7. 0
56%
Kuinka moni Minecraft-pelihahmo pudottaa omenoita kuollessaan? Pelin luojan Markus Perssonin avatar tekee näin. 1
54%
Kuinka moni alkuluku päättyy numeroihin 2 tai 5? Ainoastaan 2 ja 5. 2
50%
Kuinka monta tatuointia Christiano Ronaldolla on? (2024) Ronaldo luovuttaa säännöllisesti verta, eikä ole siksi hankkinut tatuointeja. 0
48%
Kuinka monta apinalajia elää vapaana Pohjois-Amerikassa? Kolme apinalajia elää Etelä-Amerikan sademetsissä, mutta apinoita ei löydy niiden ulkopuolelta. 0
48%
Kuinka moni viidestä Instagramin seuratuimmasta ihmisestä on laulaja? (2024) 1. Cristiano Ronaldo 624M
2. Lionel Messi 501M
3. Selena Gomez 430M
4. Kylie Jenner 400M
5. Dwayne Johnson 398M

Näistä ainoastaan Selena Gomez on laulaja.
1
46%
Kuinka monta tennismailaa Serena Williams murskasi Wimbledonissa 2016? Hän sai 10 000 euron sakot. 1
42%
Kuinka monessa Afrikan ulkopuolisessa maassa on vapaana eläviä leijonia? Leijonia on muutama sata Intiassa. 1
40%
Kuinka monta sarvea oli Viikinkisotureiden kypärissä? Sarvet olivat ainoastaan Viikinkipappien kypärissä. 0
27%
Kuinka moni hallitseva maailman shakkimestari on hävinnyt shakkipelin tietokonetta vastaan? Garry Kasparov hävisi IBM:n Deep Blue -tietokoneelle 1997 ja Vladimir Kramnik Deep Fritz -tietokoneelle 2006. 2
25%
Ehtoja vastaavia visoja ei löytynyt
Tulosjakauma
Jokaisen tuloksen saaneiden osuus
Persentiili vastausten määrän mukaan
Tuloshistoriasi
Et ole pelannut tätä visaa sen viimeisimmän päivityksen jälkeen